| 000 | 00406nam a22001697a 4500 | ||
|---|---|---|---|
| 999 |
_c7567 _d7567 |
||
| 003 | GBCCL | ||
| 005 | 20241126110631.0 | ||
| 008 | 180824b ||||| |||| 00| 0 eng d | ||
| 040 | _cgbc | ||
| 082 |
_aVER 253.2092 _bLIA |
||
| 100 |
_aKuphlira, H. _913370 |
||
| 245 | _aLiangkhaia Chanchin | ||
| 260 |
_aAizawl: _bSynod, _c1974. |
||
| 300 | _a59p. ; | ||
| 650 |
_aPastors-Biography _913371 |
||
| 942 |
_2ddc _cBK |
||